| Поле | Название | Значение |
| |
Тип записи |
c |
| |
Библиографический уровень |
m |
| 001 |
Контрольный номер |
RU/УОНБ/EK_N/322861817 |
| 005 |
Дата корректировки |
20260417163705.8 |
| 010 |
Индекс ISBN |
__ |
| 9 |
Тираж |
11000 экз. |
| 013 |
Номер (ISMN) |
__ |
| d |
Цена |
2 р. 50 к. |
| 071 |
Издательские номер (звукозапись и ноты) |
21 |
| a |
Номер, присвоенный агентством |
073 |
| 100 |
Данные общей обработки |
__ |
| a |
Данные общей обработки |
20130327d1994 c y0rusy0103 ca |
| 101 |
Язык документа |
0_ |
| a |
Язык текста |
rus |
| f |
Язык титульного листа |
rus |
| 102 |
Страна публикации |
__ |
| a |
Страна публикации |
RU |
| 125 |
Кодированные данные звукозаписи и нотных изданий |
__ |
| a |
Форма изложения нотного текста |
m| |
| 128 |
Кодированные данные (звукозаписи-физические характеристики) |
__ |
| a |
Кодированные данные: Музыкальная форма и тональность или лад |
zz |
| c |
Инструменты или голоса, рекомендуемые для солистов (устаревшее) |
ka|| |
| 200 |
Заглавие и сведения об ответственности |
1_ |
| a |
Заглавие |
Первые шаги в музыке |
| e |
Сведения, относящиеся к заглавию |
методическое пособие |
| f |
Первые сведения об ответственности |
М. Андреева |
| g |
Последующие сведения об ответственности |
Е. Конорова |
| 205 |
Сведения об издании |
__ |
| a |
Основные сведения об издании |
Переизд. |
| 210 |
Выходные данные |
1_ |
| a |
Место издания |
Москва |
| c |
Издательство |
Кифара |
| d |
Дата издания |
1994 |
| 215 |
Физическое описание |
__ |
| a |
Объем |
152 c. |
| d |
Формат |
25 см |
| 327 |
Примечание о содержании |
11 |
| a |
Примечание о содержании |
Содерж.: нотные приложения : Лещинская Ф. Еж / сл. Т. Здзитовецкой. Барашеньки-крутороженьки : рус. нар. прибаутка. Скок-поскок : рус. нар. песня. Куры, гуси да индюшки : укр. нар. песня-считалочка. Тили-бом : укр. нар. песня / обраб. Т. Попатенко. Угадай-ка! : фр. нар. песня-игра. Жучка и кот : чеш. нар. прибаутка. Петушок : латв. нар. песня. Ленты в косы заплетала / обраб. А. Флярковского. Александров Ан. Кто у нас хороший / сл. нар. ; Зайка / сл. С. Прокофьевой ; Новогодние подарки / сл. М. Ивенсен ; Песенка. Павленко В. Капельки / сл. Э. Богдановой. Потоловский Н. Жук / сл. нар. Слонов Ю. Пришла зима ; Птичий дом / сл. О. Высотской. Ковнер И. Елка / сл. Е. Трутневой. Тиличеева Е. Ручеек / сл. М. Пожаровой ; Веснянка / сл. Л. Некрасовой ; Песенка мая / сл. З. Александровой. Заимов Х. Песня. Попатенко Т. Грибы / сл. А. Кузнецовой. Старокадомский М. Зимняя пляска / сл. О. Высотской. Френкель Н. Нужно с нотами дружить : Дождик ; Фасоль ; Сарафан ; В октябре ; Пляшут зайцы ; Зима / сл. Н. Френкель ; муз. обраб. В. Карасевой. Кюи Ц. Мыльные пузыри / сл. Т. О. Гречанинов А. Утренняя прогулка ; Весельчак : соч. 119 № 3. Парцхаладзе М. Мастерица / сл. Г. Люшина. Бекман Л. и Е. Урок танцев ; Дед и внуки. Шуберт Ф. Менуэт ; Вальс : соч. 50 № 11 ; Вальс : соч. 9 № 16 ; Менуэт : трио ; Марш : соч. 40 № 4 ; Лендлер : соч. 18, тетр. 2 № 15 ; Экосезы. Благ В. Чудак / сл. М. Везели ; пер. М. Кравчука. Гендель Г. Ф. Пассакалия : два отрывка / облегч. ред. А. Руббаха ; Менуэт. Новогодняя ; Поезд ; Вновь солнышко смеется : англ. нар. песни. Английская праздничная песня. Кубинская песня. На лодочке : башк. нар. песня / обраб. М. Андреевой. Колыбельная : итал. нар. песня. Хакензак Г. Капризуля мальчик Марк / рус. текст Н. Померанцевой. Филлипенко А. Подарок маме / сл. Т. Волгиной. Раухвергер М. Солнышко / сл. А. Барто ; Ай-ай-ай! : шуточная / сл. О. Высотской. Гретри А. Спор. Степанова А. Кораблик / сл. А. Барто. Сухонь Э. Мой Янко : из сюиты "Я маленькая". Чайковский П. Зимнее утро : отрывок ; Танец из балета "Спящая красавица". Шведская народная песня. Беттольф Э. В ожидании весны ; Прогулка ; Веселое движение. Лобачев Г. Кукушка ; Счет / сл. нар. Наумликат Г. Спокойной ночи / рус. текст М. Андреевой. Попатенко Т. Утушка / сл. нар. Глинка М. Марш Черномора : из оперы "Руслан и Людмила" / облегч. ред. Б. Ш. Хаджиев П. Маленькая прелюдия : отрывок ; Маленькая прелюдия. Бах И. С. Шутка / облегч. ред. М. Андреевой ; Полонез : из орк. сюиты № 2. Бетховен Л. Немецкий танец : трио ; Экосез ; Отрывок из балета "Прометей" ; Немецкие танцы №№ 1 ; 6 ; 10 : трио ; Волшебный цветок / сл. Г. Бюргера ; пер. с нем. А. Ефременкова. Гайдн Й. Вариация : тема. Моцарт В. А. Немецкий танец ; Менуэт ; Сонатина № 3 : трио. Гумпердинк Э. Песня из оперы "Ваня и Маша" / рус. текст М. Андреевой. Ферро А. Гавот ; Маленькая тарантелла. Решевский Ш. Угощение / пер. А. Кузнецовой. Васильев-Буглай Д. Осенняя песенка / стихи А. Плещеева. Струве Г. Веселая горка / сл. К. Ибряева. Лившиц А. Светит, светит солнышко / сл. К. Ибряева. Тиличеева Е. Деревца / сл. А. Кузнецовой. Филлипенко А. Соловейко. Мильман М. Лиса : из музыки к сказке "Кот-Котофеич". Сметана Б. Полька. - Агафонников В. Марш. Григ Э. Свадебный день в Трольхаугене. Гуно Ш. Отрывок из оперы "Фауст" : 4 д. № 16. Лещинская Ф. По грибы. Векерлен Ж. Б. [Две] Детские песенки. Вебер К. М. Вариации : соч. 105 ; Экосез № 3. Селиванов В. Шуточка : соч. 3 № 3. Римский-Корсаков Н. Во саду ли, в огороде : из оперы "Сказка о царе Салтане". Корелли А. Гавот. Бертини Г. Прелюд. Сен-Санс К. Павана из оперы "Этьен Марсель". Васильев П. В классическом роде. Бекман Е. Зайчик. Книппер Л. Степная кавалерийская (Полюшко-поле). Левина З. Слоненок / сл. Л. Некрасовой. Фрид Г. Маша спит : соч. 39 № 30. Волков В. Напевая песенку. Слонов Ю. Скок-поскок : игра "Мама учит". Кучеров В. Наперегонки. Жербин М. Марш ; Украинский танец ; Полька. Ребиков В. Крошка танцует : игра "Урок танцев" : соч. 31. Сац И. Чтобы кувыркаться : игра "Ай-ай-ай". Салюртинская Т. Кончил дело - гуляй смело. Гуммель И. Экосез. Мелартин Э. Вальс. Юцевич Е. Марш. Куллау Ф. Вариации |
| 464 |
Аналитический уровень |
_0 |
| 1 |
|
700 1 |
| a |
|
Книппер |
| b |
|
Л. |
| 1 |
|
2001 |
| a |
|
Степная кавалерийская |
| e |
|
(Полюшко-поле) |
| 464 |
Аналитический уровень |
_0 |
| 1 |
|
036 |
| t |
|
У собаки щенок... |
| 1 |
|
700 1 |
| a |
|
Левина |
| b |
|
З. |
| 1 |
|
702 1 |
| a |
|
Некрасова |
| b |
|
Л. |
| 4 |
|
520 |
| 1 |
|
2001 |
| a |
|
Слоненок |
| 464 |
Аналитический уровень |
_0 |
| 1 |
|
2001 |
| a |
|
Маша спит |
| e |
|
соч. 39 № 30 |
| 1 |
|
700 1 |
| a |
|
Фрид |
| b |
|
Г. |
| 464 |
Аналитический уровень |
_0 |
| 1 |
|
2001 |
| a |
|
Напевая песенку |
| 1 |
|
700 1 |
| a |
|
Волков |
| b |
|
В. |
| 464 |
Аналитический уровень |
_0 |
| 1 |
|
2001 |
| a |
|
Скок-поскок |
| e |
|
игра "Мама учит" |
| 1 |
|
700 1 |
| a |
|
Слонов |
| b |
|
Ю. |
| 464 |
Аналитический уровень |
_0 |
| 1 |
|
2001 |
| a |
|
Наперегонки |
| 1 |
|
700 1 |
| a |
|
Кучеров |
| b |
|
В. |
| 464 |
Аналитический уровень |
_0 |
| 1 |
|
2001 |
| a |
|
Марш |
| 1 |
|
700 1 |
| a |
|
Жербин |
| b |
|
М. |
| 464 |
Аналитический уровень |
_0 |
| 1 |
|
2001 |
| a |
|
Чтобы кувыркаться |
| e |
|
игра "Ай-ай-ай" |
| 1 |
|
700 1 |
| a |
|
Сац |
| b |
|
И. |
| 464 |
Аналитический уровень |
_0 |
| 1 |
|
2001 |
| a |
|
Кончил дело - гуляй смело |
| 1 |
|
700 1 |
| a |
|
Салюртинская |
| b |
|
Т. |
| 464 |
Аналитический уровень |
_0 |
| 1 |
|
2001 |
| a |
|
Экосез |
| 1 |
|
700 1 |
| a |
|
Гуммель |
| b |
|
И. |
| 464 |
Аналитический уровень |
_0 |
| 1 |
|
2001 |
| a |
|
Вальс |
| 1 |
|
700 1 |
| a |
|
Мелартин |
| b |
|
Э. |
| 464 |
Аналитический уровень |
_0 |
| 1 |
|
2001 |
| a |
|
Марш |
| 1 |
|
700 1 |
| a |
|
Юцевич |
| b |
|
Е. |
| 464 |
Аналитический уровень |
_0 |
| 1 |
|
2001 |
| a |
|
Вариации |
| 1 |
|
700 1 |
| a |
|
Куллау |
| b |
|
Ф. |
| 464 |
Аналитический уровень |
_0 |
| 1 |
|
036 |
| t |
|
Зайка, серенький дружок... |
| 1 |
|
700 1 |
| a |
|
Александров |
| b |
|
Ан. |
| 1 |
|
702 1 |
| a |
|
Прокофьева |
| b |
|
С. |
| 4 |
|
520 |
| 1 |
|
2001 |
| a |
|
Зайка |
| 464 |
Аналитический уровень |
_0 |
| 1 |
|
036 |
| t |
|
Дед Мороз, Дед Мороз... |
| 1 |
|
700 1 |
| a |
|
Александров |
| b |
|
Ан. |
| 1 |
|
702 1 |
| a |
|
Ивенсен |
| b |
|
М. |
| 4 |
|
520 |
| 1 |
|
2001 |
| a |
|
Новогодние подарки |
| 464 |
Аналитический уровень |
_0 |
| 1 |
|
2001 |
| a |
|
Песенка |
| 1 |
|
700 1 |
| a |
|
Александров |
| b |
|
Ан. |
| 464 |
Аналитический уровень |
_0 |
| 1 |
|
036 |
| t |
|
Чуть растопит солнце... |
| 1 |
|
700 1 |
| a |
|
Слонов |
| b |
|
Ю. |
| 1 |
|
702 1 |
| a |
|
Высотская |
| b |
|
О. |
| 4 |
|
520 |
| 1 |
|
2001 |
| a |
|
Птичий дом |
| 464 |
Аналитический уровень |
_0 |
| 1 |
|
036 |
| t |
|
Светит к нам в оконышко... |
| 1 |
|
700 1 |
| a |
|
Тиличеева |
| b |
|
Е. |
| 1 |
|
702 1 |
| a |
|
Некрасова |
| b |
|
Л. |
| 4 |
|
520 |
| 1 |
|
2001 |
| a |
|
Веснянка |
| 464 |
Аналитический уровень |
_0 |
| 1 |
|
700 1 |
| a |
|
Тиличеева |
| b |
|
Е. |
| 1 |
|
702 1 |
| a |
|
Александрова |
| b |
|
З. |
| 4 |
|
520 |
| 1 |
|
2001 |
| a |
|
Песенка мая |
| 464 |
Аналитический уровень |
_0 |
| 1 |
|
036 |
| t |
|
Ля, ля, ля, соль, соль, ля... |
| 1 |
|
702 1 |
| a |
|
Френкель |
| b |
|
В. |
| 4 |
|
520 |
| 1 |
|
702 1 |
| a |
|
Карасева |
| b |
|
В. |
| 4 |
|
030 |
| 1 |
|
2001 |
| a |
|
Дождик |
| 464 |
Аналитический уровень |
_0 |
| 1 |
|
036 |
| t |
|
Ля, соль, фа, фа, соль... |
| 1 |
|
702 1 |
| a |
|
Френкель |
| b |
|
В. |
| 4 |
|
520 |
| 1 |
|
702 1 |
| a |
|
Карасева |
| b |
|
В. |
| 4 |
|
030 |
| 1 |
|
2001 |
| a |
|
Фасоль |
| 464 |
Аналитический уровень |
_0 |
| 1 |
|
036 |
| t |
|
Ля, ля, фа, фа, ми, ля, фа... |
| 1 |
|
702 1 |
| a |
|
Френкель |
| b |
|
В. |
| 4 |
|
520 |
| 1 |
|
702 1 |
| a |
|
Карасева |
| b |
|
В. |
| 4 |
|
030 |
| 1 |
|
2001 |
| a |
|
Сарафан |
| 464 |
Аналитический уровень |
_0 |
| 1 |
|
036 |
| t |
|
Ля, соль, фа, фа, ми, ми, ре... |
| 1 |
|
702 1 |
| a |
|
Френкель |
| b |
|
В. |
| 4 |
|
520 |
| 1 |
|
702 1 |
| a |
|
Карасева |
| b |
|
В. |
| 4 |
|
030 |
| 1 |
|
2001 |
| a |
|
В октябре |
| 464 |
Аналитический уровень |
_0 |
| 1 |
|
036 |
| t |
|
Соль, фа, ми, ре, до, до, ре... |
| 1 |
|
702 1 |
| a |
|
Френкель |
| b |
|
В. |
| 4 |
|
520 |
| 1 |
|
702 1 |
| a |
|
Карасева |
| b |
|
В. |
| 4 |
|
030 |
| 1 |
|
2001 |
| a |
|
Пляшут зайцы |
| 464 |
Аналитический уровень |
_0 |
| 1 |
|
036 |
| t |
|
Ля, си, до, до, си, си, ля... |
| 1 |
|
702 1 |
| a |
|
Френкель |
| b |
|
В. |
| 4 |
|
520 |
| 1 |
|
702 1 |
| a |
|
Карасева |
| b |
|
В. |
| 4 |
|
030 |
| 1 |
|
2001 |
| a |
|
Зима |
| 464 |
Аналитический уровень |
_0 |
| 1 |
|
2001 |
| a |
|
Весельчак |
| e |
|
соч. 119 № 3 |
| 1 |
|
700 1 |
| a |
|
Гречанинов |
| b |
|
А. |
| 464 |
Аналитический уровень |
_0 |
| 1 |
|
2001 |
| a |
|
Дед и внуки |
| 1 |
|
700 1 |
| a |
|
Бекман |
| b |
|
Л. |
| 1 |
|
700 1 |
| a |
|
Бекман |
| b |
|
Е. |
| 464 |
Аналитический уровень |
_0 |
| 1 |
|
2001 |
| a |
|
Вальс |
| e |
|
соч. 50 № 11 |
| 1 |
|
700 1 |
| a |
|
Шуберт |
| b |
|
Ф. |
| 464 |
Аналитический уровень |
_0 |
| 1 |
|
2001 |
| a |
|
Вальс |
| e |
|
соч. 9 № 16 |
| 1 |
|
700 1 |
| a |
|
Шуберт |
| b |
|
Ф. |
| 464 |
Аналитический уровень |
_0 |
| 1 |
|
2001 |
| a |
|
Менуэт |
| e |
|
трио |
| 1 |
|
700 1 |
| a |
|
Шуберт |
| b |
|
Ф. |
| 464 |
Аналитический уровень |
_0 |
| 1 |
|
2001 |
| a |
|
Менуэт |
| 1 |
|
700 1 |
| a |
|
Гендель |
| b |
|
Г. Ф. |
| 464 |
Аналитический уровень |
_0 |
| 1 |
|
036 |
| t |
|
Вот под стук колес идет паровоз... |
| 1 |
|
702 1 |
| a |
|
Померанцева |
| b |
|
Н. |
| 4 |
|
730 |
| 1 |
|
2001 |
| a |
|
Поезд |
| e |
|
английская народная песня |
| 464 |
Аналитический уровень |
_0 |
| 1 |
|
702 1 |
| a |
|
Александрова |
| b |
|
Э. |
| 4 |
|
730 |
| 1 |
|
702 1 |
| a |
|
Моффит |
| b |
|
А. |
| 4 |
|
030 |
| 1 |
|
2001 |
| a |
|
Вновь солнышко смеется |
| e |
|
английская народная песня |
| 464 |
Аналитический уровень |
_0 |
| 1 |
|
036 |
| t |
|
По грибы ходила Зина... |
| 1 |
|
700 1 |
| a |
|
Раухвергер |
| b |
|
М. |
| 1 |
|
702 1 |
| a |
|
Барто |
| b |
|
А. |
| 4 |
|
520 |
| 1 |
|
702 1 |
| a |
|
Высотская |
| b |
|
О. |
| 4 |
|
520 |
| 1 |
|
2001 |
| a |
|
Ай-ай-ай! |
| e |
|
шуточная |
| 464 |
Аналитический уровень |
_0 |
| 1 |
|
2001 |
| a |
|
Зимнее утро |
| e |
|
отрывок |
| 1 |
|
700 1 |
| a |
|
Чайковский |
| b |
|
П. |
| 464 |
Аналитический уровень |
_0 |
| 1 |
|
2001 |
| a |
|
Прогулка |
| 1 |
|
700 1 |
| a |
|
Беттольф |
| b |
|
Э. |
| 464 |
Аналитический уровень |
_0 |
| 1 |
|
2001 |
| a |
|
Веселое движение |
| 1 |
|
700 1 |
| a |
|
Беттольф |
| b |
|
Э. |
| 464 |
Аналитический уровень |
_0 |
| 1 |
|
036 |
| t |
|
Раз, два, - голова... |
| 1 |
|
700 1 |
| a |
|
Лобачев |
| b |
|
Г. |
| 1 |
|
702 1 |
| a |
|
Слова народные |
| 1 |
|
2001 |
| a |
|
Счет |
| 464 |
Аналитический уровень |
_0 |
| 1 |
|
036 |
| t |
|
Спят деревья, спят кусты... |
| 1 |
|
700 1 |
| a |
|
Наумликат |
| b |
|
Г. |
| 1 |
|
702 1 |
| a |
|
Андреева |
| b |
|
М. |
| 4 |
|
730 |
| 1 |
|
2001 |
| a |
|
Спокойной ночи |
| 464 |
Аналитический уровень |
_0 |
| 1 |
|
2001 |
| a |
|
Лендлер |
| e |
|
соч. 18, тетр. 2 № 15 |
| 1 |
|
700 1 |
| a |
|
Шуберт |
| b |
|
Ф. |
| 464 |
Аналитический уровень |
_0 |
| 1 |
|
2001 |
| a |
|
Экосез |
| e |
|
соч. 49 № 3 |
| 1 |
|
700 1 |
| a |
|
Шуберт |
| b |
|
Ф. |
| 464 |
Аналитический уровень |
_0 |
| 1 |
|
2001 |
| a |
|
Экосез |
| e |
|
соч. 49 № 4 |
| 1 |
|
700 1 |
| a |
|
Шуберт |
| b |
|
Ф. |
| 464 |
Аналитический уровень |
_0 |
| 1 |
|
2001 |
| a |
|
Экосез |
| e |
|
соч. 67 № 2 |
| 1 |
|
700 1 |
| a |
|
Шуберт |
| b |
|
Ф. |
| 464 |
Аналитический уровень |
_0 |
| 1 |
|
2001 |
| a |
|
Маленькая прелюдия |
| 1 |
|
700 1 |
| a |
|
Хаджиев |
| b |
|
П. |
| 464 |
Аналитический уровень |
_0 |
| 1 |
|
700 1 |
| a |
|
Бах |
| b |
|
И. С. |
| 1 |
|
2001 |
| a |
|
Полонез |
| e |
|
из оркестровой сюиты № 2 |
| 1 |
|
50010 |
| a |
|
Оркестровая сюита № 2 |
| 464 |
Аналитический уровень |
_0 |
| 1 |
|
2001 |
| a |
|
Экосез |
| 1 |
|
700 1 |
| a |
|
Бетховен |
| b |
|
Л. |
| 464 |
Аналитический уровень |
_0 |
| 1 |
|
2001 |
| a |
|
Экосез |
| 1 |
|
700 1 |
| a |
|
Бетховен |
| b |
|
Л. |
| 464 |
Аналитический уровень |
_0 |
| 1 |
|
2001 |
| a |
|
Менуэт |
| 1 |
|
700 1 |
| a |
|
Моцарт |
| b |
|
В. А. |
| 464 |
Аналитический уровень |
_0 |
| 1 |
|
2001 |
| a |
|
Сонатина № 3 |
| 1 |
|
700 1 |
| a |
|
Моцарт |
| b |
|
В. А. |
| 464 |
Аналитический уровень |
_0 |
| 1 |
|
2001 |
| a |
|
Маленькая тарантелла |
| 1 |
|
700 1 |
| a |
|
Ферро |
| b |
|
А. |
| 464 |
Аналитический уровень |
_0 |
| 1 |
|
2001 |
| a |
|
Отрывок из балета "Прометей" |
| 1 |
|
700 1 |
| a |
|
Бетховен |
| b |
|
Л. |
| 464 |
Аналитический уровень |
_0 |
| 1 |
|
2001 |
| a |
|
Немецкий танец № 1 |
| 1 |
|
700 1 |
| a |
|
Бетховен |
| b |
|
Л. |
| 464 |
Аналитический уровень |
_0 |
| 1 |
|
2001 |
| a |
|
Немецкий танец № 6 |
| e |
|
трио |
| 1 |
|
700 1 |
| a |
|
Бетховен |
| b |
|
Л. |
| 464 |
Аналитический уровень |
_0 |
| 1 |
|
2001 |
| a |
|
Немецкий танец № 10 |
| e |
|
трио |
| 1 |
|
700 1 |
| a |
|
Бетховен |
| b |
|
Л. |
| 464 |
Аналитический уровень |
_0 |
| 1 |
|
036 |
| t |
|
В тиши долины... |
| 1 |
|
700 1 |
| a |
|
Бетховен |
| b |
|
Л. |
| 1 |
|
702 1 |
| a |
|
Бюргер |
| b |
|
Г. |
| 4 |
|
520 |
| 1 |
|
702 1 |
| a |
|
Ефременков |
| b |
|
А. |
| 4 |
|
730 |
| 1 |
|
2001 |
| a |
|
Волшебный цветок |
| 464 |
Аналитический уровень |
_0 |
| 1 |
|
2001 |
| a |
|
Экосез № 3 |
| 1 |
|
700 1 |
| a |
|
Вебер |
| b |
|
М. |
| 464 |
Аналитический уровень |
_0 |
| 1 |
|
2001 |
| a |
|
Украинский танец |
| 1 |
|
700 1 |
| a |
|
Жербин |
| b |
|
М. |
| 464 |
Аналитический уровень |
_0 |
| 1 |
|
2001 |
| a |
|
Полька |
| 1 |
|
700 1 |
| a |
|
Жербин |
| b |
|
М. |
| 464 |
Аналитический уровень |
_0 |
| 1 |
|
2001 |
| a |
|
Крошка танцует |
| e |
|
игра "Урок танцев" |
| e |
|
соч. 31 |
| 1 |
|
700 1 |
| a |
|
Ребиков |
| b |
|
В. |
| 464 |
Аналитический уровень |
_0 |
| 1 |
|
036 |
| t |
|
Весь в иголочках зверек... |
| 1 |
|
700 1 |
| a |
|
Лещинская |
| d |
|
Ф. |
| 1 |
|
702 1 |
| a |
|
Здзитовецкая |
| b |
|
Т. |
| 4 |
|
520 |
| 1 |
|
2001 |
| a |
|
Еж |
| 464 |
Аналитический уровень |
_0 |
| 1 |
|
2001 |
| a |
|
Барашеньки-крутороженьки |
| e |
|
русская народная прибаутка |
| 464 |
Аналитический уровень |
_0 |
| 1 |
|
036 |
| t |
|
Скок-скок-поскок... |
| 1 |
|
2001 |
| a |
|
Скок-поскок |
| e |
|
русская народная песня |
| 464 |
Аналитический уровень |
_0 |
| 1 |
|
2001 |
| a |
|
Куры, гуси да индюшки |
| e |
|
украинская народная песня-считалочка |
| 464 |
Аналитический уровень |
_0 |
| 1 |
|
702 1 |
| a |
|
Попатенко |
| b |
|
Т. |
| 4 |
|
030 |
| 1 |
|
2001 |
| a |
|
Тили-бом |
| e |
|
украинская народная песня |
| 464 |
Аналитический уровень |
_0 |
| 1 |
|
2001 |
| a |
|
Угадай-ка! |
| e |
|
французская народная песня-игра |
| 464 |
Аналитический уровень |
_0 |
| 1 |
|
2001 |
| a |
|
Жучка и кот |
| e |
|
чешская народная прибаутка |
| 464 |
Аналитический уровень |
_0 |
| 1 |
|
2001 |
| a |
|
Петушок |
| e |
|
латвийская народная песня |
| 464 |
Аналитический уровень |
_0 |
| 1 |
|
702 1 |
| a |
|
Флярковский |
| b |
|
А. |
| 4 |
|
030 |
| 1 |
|
2001 |
| a |
|
Ленты в косы заплетала |
| 464 |
Аналитический уровень |
_0 |
| 1 |
|
700 1 |
| a |
|
Александров |
| b |
|
Ан. |
| 1 |
|
702 1 |
| a |
|
Слова народные |
| 4 |
|
520 |
| 1 |
|
2001 |
| a |
|
Кто у нас хороший |
| 464 |
Аналитический уровень |
_0 |
| 1 |
|
036 |
| t |
|
Дождик льет на улице... |
| 1 |
|
700 1 |
| a |
|
Павленко |
| b |
|
В. |
| 1 |
|
702 1 |
| a |
|
Богданова |
| b |
|
Э. |
| 4 |
|
520 |
| 1 |
|
2001 |
| a |
|
Капельки |
| 464 |
Аналитический уровень |
_0 |
| 1 |
|
036 |
| t |
|
Жук, жук! Где твой дом?.. |
| 1 |
|
700 1 |
| a |
|
Потоловский |
| b |
|
Н. |
| 1 |
|
702 1 |
| a |
|
Слова народные |
| 4 |
|
520 |
| 1 |
|
2001 |
| a |
|
Жук |
| 464 |
Аналитический уровень |
_0 |
| 1 |
|
700 1 |
| a |
|
Слонов |
| b |
|
Ю. |
| 1 |
|
702 1 |
| a |
|
Высотская |
| b |
|
О. |
| 4 |
|
520 |
| 1 |
|
2001 |
| a |
|
Пришла зима |
| 464 |
Аналитический уровень |
_0 |
| 1 |
|
700 1 |
| a |
|
Ковнер |
| b |
|
И. |
| 1 |
|
702 1 |
| a |
|
Трутнева |
| b |
|
Е. |
| 4 |
|
520 |
| 1 |
|
2001 |
| a |
|
Елка |
| 464 |
Аналитический уровень |
_0 |
| 1 |
|
036 |
| t |
|
Чей стеклянный голосок?.. |
| 1 |
|
700 1 |
| a |
|
Тиличеева |
| b |
|
Е. |
| 1 |
|
702 1 |
| a |
|
Пожарова |
| b |
|
М. |
| 4 |
|
520 |
| 1 |
|
2001 |
| a |
|
Ручеек |
| e |
|
в сопровождении фортепиано и треугольника |
| 464 |
Аналитический уровень |
_0 |
| 1 |
|
700 1 |
| a |
|
Заимов |
| b |
|
Х. |
| 1 |
|
2001 |
| a |
|
Песня |
| 464 |
Аналитический уровень |
_0 |
| 1 |
|
036 |
| t |
|
Мы идем дорожками... |
| 1 |
|
700 1 |
| a |
|
Попатенко |
| b |
|
Т. |
| 1 |
|
702 1 |
| a |
|
Кузнецова |
| b |
|
А. |
| 4 |
|
520 |
| 1 |
|
2001 |
| a |
|
Грибы |
| 464 |
Аналитический уровень |
_0 |
| 1 |
|
036 |
| t |
|
Мы погреемся немножко... |
| 1 |
|
700 1 |
| a |
|
Старокадомский |
| b |
|
М. |
| 1 |
|
702 1 |
| a |
|
Высотская |
| b |
|
О. |
| 4 |
|
520 |
| 1 |
|
2001 |
| a |
|
Зимняя пляска |
| 464 |
Аналитический уровень |
_0 |
| 1 |
|
702 1 |
| a |
|
Френкель |
| b |
|
В. |
| 4 |
|
520 |
| 1 |
|
702 1 |
| a |
|
Карасева |
| b |
|
В. |
| 4 |
|
030 |
| 1 |
|
2001 |
| a |
|
Нужно с нотами дружить |
| e |
|
цикл песенок |
| 464 |
Аналитический уровень |
_0 |
| 1 |
|
036 |
| t |
|
Мыльные пузырики гордые летят... |
| 1 |
|
700 1 |
| a |
|
Кюи |
| b |
|
Ц. |
| 1 |
|
702 1 |
| a |
|
Т. О. |
| 4 |
|
520 |
| 1 |
|
2001 |
| a |
|
Мыльные пузыри |
| 464 |
Аналитический уровень |
_0 |
| 1 |
|
700 1 |
| a |
|
Гречанинов |
| b |
|
А. |
| 1 |
|
2001 |
| a |
|
Утренняя прогулка |
| 464 |
Аналитический уровень |
_0 |
| 1 |
|
036 |
| t |
|
Утром рано у окна... |
| 1 |
|
700 1 |
| a |
|
Парцхаладзе |
| b |
|
М. |
| 1 |
|
702 1 |
| a |
|
Люшин |
| b |
|
Г. |
| 4 |
|
520 |
| 1 |
|
2001 |
| a |
|
Мастерица |
| 464 |
Аналитический уровень |
_0 |
| 1 |
|
2001 |
| a |
|
Урок танцев |
| 1 |
|
700 1 |
| a |
|
Бекман |
| b |
|
Л. |
| 1 |
|
700 1 |
| a |
|
Бекман |
| b |
|
Е. |
| 464 |
Аналитический уровень |
_0 |
| 1 |
|
700 1 |
| a |
|
Шуберт |
| b |
|
Ф. |
| 1 |
|
2001 |
| a |
|
Менуэт |
| e |
|
для фортепиано, бубна и палочек |
| 464 |
Аналитический уровень |
_0 |
| 1 |
|
036 |
| t |
|
Жил-был чудак... |
| 1 |
|
700 1 |
| a |
|
Благ |
| b |
|
В. |
| 1 |
|
702 1 |
| a |
|
Везели |
| b |
|
М. |
| 4 |
|
520 |
| 1 |
|
702 1 |
| a |
|
Кравчук |
| b |
|
М. |
| 4 |
|
730 |
| 1 |
|
2001 |
| a |
|
Чудак |
| 464 |
Аналитический уровень |
_0 |
| 1 |
|
700 1 |
| a |
|
Гендель |
| b |
|
Г. Ф. |
| 1 |
|
702 1 |
| a |
|
Руббах |
| b |
|
А. |
| 4 |
|
340 |
| 1 |
|
2001 |
| a |
|
Пассакалия |
| e |
|
два отрывка |
| 464 |
Аналитический уровень |
_0 |
| 1 |
|
036 |
| t |
|
Свищут по лесам метели... |
| 1 |
|
702 1 |
| a |
|
Померанцева |
| b |
|
Н. |
| 4 |
|
730 |
| 1 |
|
2001 |
| a |
|
Новогодняя |
| e |
|
английская народная песня |
| 464 |
Аналитический уровень |
_0 |
| 1 |
|
2001 |
| a |
|
Английская праздничная песня |
| 464 |
Аналитический уровень |
_0 |
| 1 |
|
702 1 |
| a |
|
Андреева |
| b |
|
М. |
| 4 |
|
030 |
| 1 |
|
2001 |
| a |
|
Кубинская песня |
| e |
|
для фортепиано и ударных |
| 464 |
Аналитический уровень |
_0 |
| 1 |
|
036 |
| t |
|
Ой, блестит в степи река... |
| 1 |
|
702 1 |
| a |
|
Андреева |
| b |
|
М. |
| 4 |
|
030 |
| 1 |
|
2001 |
| a |
|
На лодочке |
| e |
|
башкирская народная песня |
| 464 |
Аналитический уровень |
_0 |
| 1 |
|
702 1 |
| a |
|
Попатенко |
| b |
|
Т. |
| 4 |
|
030 |
| 1 |
|
2001 |
| a |
|
Колыбельная |
| e |
|
итальянская народная песня |
| 464 |
Аналитический уровень |
_0 |
| 1 |
|
036 |
| t |
|
Смотрит солнышко в окошко... |
| 1 |
|
700 1 |
| a |
|
Хакензак |
| b |
|
Г. |
| 1 |
|
702 1 |
| a |
|
Померанцева |
| b |
|
Н. |
| 4 |
|
730 |
| 1 |
|
2001 |
| a |
|
Капризуля мальчик Марк |
| 464 |
Аналитический уровень |
_0 |
| 1 |
|
036 |
| t |
|
Я сорвала в поле... |
| 1 |
|
700 1 |
| a |
|
Филлипенко |
| b |
|
А. |
| 1 |
|
702 1 |
| a |
|
Волгина |
| b |
|
Т. |
| 4 |
|
520 |
| 1 |
|
2001 |
| a |
|
Подарок маме |
| 464 |
Аналитический уровень |
_0 |
| 1 |
|
036 |
| t |
|
Смотрит солнышко в окошко... |
| 1 |
|
700 1 |
| a |
|
Раухвергер |
| b |
|
М. |
| 1 |
|
702 1 |
| a |
|
Барто |
| b |
|
А. |
| 4 |
|
520 |
| 1 |
|
2001 |
| a |
|
Солнышко |
| e |
|
в сопровождении фортепиано и ударных] |
| 464 |
Аналитический уровень |
_0 |
| 1 |
|
036 |
| t |
|
В лесу осел с кукушкой... |
| 1 |
|
700 1 |
| a |
|
Гретри |
| b |
|
А. |
| 1 |
|
2001 |
| a |
|
Спор |
| 464 |
Аналитический уровень |
_0 |
| 1 |
|
036 |
| t |
|
Матросская шапка... |
| 1 |
|
700 1 |
| a |
|
Степанова |
| b |
|
А. |
| 1 |
|
702 1 |
| a |
|
Барто |
| b |
|
А. |
| 4 |
|
520 |
| 1 |
|
2001 |
| a |
|
Кораблик |
| 464 |
Аналитический уровень |
_0 |
| 1 |
|
2001 |
| a |
|
Мой Янко |
| e |
|
из сюиты "Я маленькая" |
| 1 |
|
700 1 |
| a |
|
Сухонь |
| b |
|
Э. |
| 1 |
|
50010 |
| a |
|
Я маленькая |
| 464 |
Аналитический уровень |
_0 |
| 1 |
|
2001 |
| a |
|
Шведская народная песня |
| 464 |
Аналитический уровень |
_0 |
| 1 |
|
2001 |
| a |
|
В ожидании весны |
| 1 |
|
700 1 |
| a |
|
Беттольф |
| b |
|
Э. |
| 464 |
Аналитический уровень |
_0 |
| 1 |
|
036 |
| t |
|
Куда летишь кукушечка?.. |
| 1 |
|
700 1 |
| a |
|
Лобачев |
| b |
|
Г. |
| 1 |
|
702 1 |
| a |
|
Слова народные |
| 1 |
|
2001 |
| a |
|
Кукушка |
| 464 |
Аналитический уровень |
_0 |
| 1 |
|
2001 |
| a |
|
Танец |
| e |
|
из балета "Спящая красавица" |
| 1 |
|
700 1 |
| a |
|
Чайковский |
| b |
|
П. |
| 1 |
|
50010 |
| a |
|
Спящая красавица |
| 464 |
Аналитический уровень |
_0 |
| 1 |
|
036 |
| t |
|
Шла утушка бережком... |
| 1 |
|
700 1 |
| a |
|
Попатенко |
| b |
|
Т. |
| 1 |
|
702 1 |
| a |
|
Слова народные |
| 1 |
|
2001 |
| a |
|
Утушка |
| 464 |
Аналитический уровень |
_0 |
| 1 |
|
2001 |
| a |
|
Марш |
| e |
|
соч. 40 № 4 |
| 1 |
|
700 1 |
| a |
|
Шуберт |
| b |
|
Ф. |
| 464 |
Аналитический уровень |
_0 |
| 1 |
|
700 1 |
| a |
|
Глинка |
| b |
|
М. |
| 1 |
|
2001 |
| a |
|
Марш Черномора |
| e |
|
из оперы "Руслан и Людмила" |
| e |
|
для фортепиано и ударных |
| 1 |
|
50010 |
| a |
|
Руслан и Людмила |
| 464 |
Аналитический уровень |
_0 |
| 1 |
|
2001 |
| a |
|
Маленькая прелюдия |
| e |
|
отрывок |
| 1 |
|
700 1 |
| a |
|
Хаджиев |
| b |
|
П. |
| 464 |
Аналитический уровень |
_0 |
| 1 |
|
700 1 |
| a |
|
Бах |
| b |
|
И. С. |
| 1 |
|
702 1 |
| a |
|
Андреева |
| 4 |
|
340 |
| 1 |
|
2001 |
| a |
|
Шутка |
| e |
|
для фортепиано и ударных |
| 464 |
Аналитический уровень |
_0 |
| 1 |
|
2001 |
| a |
|
Немецкий танец |
| e |
|
трио |
| 1 |
|
700 1 |
| a |
|
Бетховен |
| b |
|
Л. |
| 464 |
Аналитический уровень |
_0 |
| 1 |
|
2001 |
| a |
|
Вариация |
| e |
|
тема |
| 1 |
|
700 1 |
| a |
|
Гайдн |
| d |
|
Й. |
| 464 |
Аналитический уровень |
_0 |
| 1 |
|
2001 |
| a |
|
Немецкий танец |
| e |
|
трио |
| 1 |
|
700 1 |
| a |
|
Моцарт |
| b |
|
В. А. |
| 464 |
Аналитический уровень |
_0 |
| 1 |
|
2001 |
| a |
|
Песня из оперы "Ваня и Маша" |
| 1 |
|
700 1 |
| a |
|
Гумпердинк |
| b |
|
Э. |
| 1 |
|
702 1 |
| a |
|
Андреева |
| b |
|
М. |
| 4 |
|
730 |
| 1 |
|
50010 |
| a |
|
Ваня и Маша |
| 464 |
Аналитический уровень |
_0 |
| 1 |
|
2001 |
| a |
|
Гавот |
| 1 |
|
700 1 |
| a |
|
Ферро |
| b |
|
А. |
| 464 |
Аналитический уровень |
_0 |
| 1 |
|
036 |
| t |
|
В летний вечер на опушке... |
| 1 |
|
700 1 |
| a |
|
Решевский |
| b |
|
Ш. |
| 1 |
|
702 1 |
| a |
|
Кузнецова |
| b |
|
А. |
| 4 |
|
730 |
| 1 |
|
2001 |
| a |
|
Угощение |
| 464 |
Аналитический уровень |
_0 |
| 1 |
|
036 |
| t |
|
Миновало лето... |
| 1 |
|
700 1 |
| a |
|
Васильев-Буглай |
| b |
|
Д. |
| 1 |
|
702 1 |
| a |
|
Плещеев |
| b |
|
А. |
| 1 |
|
2001 |
| a |
|
Осенняя песенка |
| 464 |
Аналитический уровень |
_0 |
| 1 |
|
036 |
| t |
|
Во дворе на радость нам... |
| 1 |
|
700 1 |
| a |
|
Струве |
| b |
|
Г. |
| 1 |
|
702 1 |
| a |
|
Ибряев |
| b |
|
К. |
| 4 |
|
520 |
| 1 |
|
2001 |
| a |
|
Веселая горка |
| 464 |
Аналитический уровень |
_0 |
| 1 |
|
700 1 |
| a |
|
Лившиц |
| b |
|
А. |
| 1 |
|
702 1 |
| a |
|
Ибряев |
| b |
|
К. |
| 4 |
|
520 |
| 1 |
|
2001 |
| a |
|
Светит, светит солнышко |
| 464 |
Аналитический уровень |
_0 |
| 1 |
|
036 |
| t |
|
Мы у нашего крыльца... |
| 1 |
|
700 1 |
| a |
|
Тиличеева |
| b |
|
Е. |
| 1 |
|
702 1 |
| a |
|
Кузнецова |
| b |
|
А. |
| 4 |
|
520 |
| 1 |
|
2001 |
| a |
|
Деревца |
| 464 |
Аналитический уровень |
_0 |
| 1 |
|
036 |
| t |
|
Соловейко по весне, по весне... |
| 1 |
|
700 1 |
| a |
|
Филлипенко |
| b |
|
А. |
| 1 |
|
702 1 |
| a |
|
Бойко |
| b |
|
Г. |
| 4 |
|
520 |
| 1 |
|
2001 |
| a |
|
Соловейко |
| 464 |
Аналитический уровень |
_0 |
| 1 |
|
2001 |
| a |
|
Лиса |
| e |
|
из музыки к сказке "Кот-Котофеич" |
| 1 |
|
700 1 |
| a |
|
Мильман |
| b |
|
М. |
| 1 |
|
50010 |
| a |
|
Кот-Котофеич |
| 464 |
Аналитический уровень |
_0 |
| 1 |
|
2001 |
| a |
|
Полька |
| 1 |
|
700 1 |
| a |
|
Сметана |
| b |
|
Б. |
| 464 |
Аналитический уровень |
_0 |
| 1 |
|
2001 |
| a |
|
Марш |
| 1 |
|
700 1 |
| a |
|
Агафонников |
| b |
|
В. |
| 464 |
Аналитический уровень |
_0 |
| 1 |
|
2001 |
| a |
|
Свадебный день в Трольхаугене |
| 1 |
|
700 1 |
| a |
|
Григ |
| b |
|
Э. |
| 464 |
Аналитический уровень |
_0 |
| 1 |
|
2001 |
| a |
|
Отрывок из оперы "Фауст" |
| e |
|
4 д. № 16 |
| 1 |
|
700 1 |
| a |
|
Гуно |
| b |
|
Ш. |
| 464 |
Аналитический уровень |
_0 |
| 1 |
|
2001 |
| a |
|
По грибы |
| 1 |
|
700 1 |
| a |
|
Лещинская |
| b |
|
Ф. |
| 464 |
Аналитический уровень |
_0 |
| 1 |
|
2001 |
| a |
|
Детская песенка |
| 1 |
|
700 1 |
| a |
|
Векерлен |
| b |
|
Ж. Б. |
| 464 |
Аналитический уровень |
_0 |
| 1 |
|
2001 |
| a |
|
Вариации |
| e |
|
соч. 105 |
| 1 |
|
700 1 |
| a |
|
Вебер |
| b |
|
М. |
| 464 |
Аналитический уровень |
_0 |
| 1 |
|
2001 |
| a |
|
Шуточка |
| e |
|
соч. 3 № 3 |
| 1 |
|
700 1 |
| a |
|
Селиванов |
| b |
|
В. |
| 464 |
Аналитический уровень |
_0 |
| 1 |
|
2001 |
| a |
|
Во саду ли, в огороде |
| e |
|
из оперы "Сказка о царе Салтане" |
| 1 |
|
702 1 |
| a |
|
Римский-Корсаков |
| b |
|
Н. |
| 1 |
|
50010 |
| a |
|
Сказка о царе Салтане |
| 464 |
Аналитический уровень |
_0 |
| 1 |
|
2001 |
| a |
|
Гавот |
| 1 |
|
700 1 |
| b |
|
Корелли |
| b |
|
А. |
| 464 |
Аналитический уровень |
_0 |
| 1 |
|
2001 |
| a |
|
Прелюд |
| 1 |
|
700 1 |
| a |
|
Бертини |
| b |
|
Г. |
| 464 |
Аналитический уровень |
_0 |
| 1 |
|
700 1 |
| a |
|
Сен-Санс |
| b |
|
К. |
| 1 |
|
2001 |
| a |
|
Павана из оперы "Этьен Марсель" |
| 1 |
|
50010 |
| a |
|
Этьен Марсель |
| 464 |
Аналитический уровень |
_0 |
| 1 |
|
2001 |
| a |
|
В классическом роде |
| 1 |
|
700 1 |
| a |
|
Васильев |
| b |
|
П. |
| 464 |
Аналитический уровень |
_0 |
| 1 |
|
2001 |
| a |
|
Зайчик |
| 1 |
|
700 1 |
| a |
|
Бекман |
| b |
|
Е. |
| 606 |
Тематические рубрики |
0_ |
| a |
Основная рубрика |
Детское дошкольное воспитание |
| x |
Основная подрубрика |
Учебные нотные пособия для детского музыкального воспитания |
| 610 |
Ключевые слова |
0_ |
| a |
Ключевые слова |
музыкальное воспитание дошкольное |
| 610 |
Ключевые слова |
0_ |
| a |
Ключевые слова |
учебные пособия |
| 686 |
Индексы других классификаций |
__ |
| a |
Классификационный индекс |
85.98я7 |
| 2 |
Код системы |
rubbk |
| 700 |
Автор |
_1 |
| a |
Фамилия |
Андреева |
| b |
Имя (инициалы) |
М. П. |
| g |
Полное личное имя |
Мария Павловна |
| 701 |
Альтернативная интеллектуальная ответственность |
_1 |
| a |
Фамилия |
Конорова |
| b |
Имя (инициалы) |
Е. В. |
| g |
Полное личное имя |
Елена Владимировна |
| 801 |
Источник записи |
_0 |
| a |
Страна |
RU |
| b |
Организация |
Ульяновская ОНБ |
| c |
Дата составления |
20130327 |
| g |
Правила каталогизации |
PSBO |
| 801 |
Источник записи |
_1 |
| a |
Страна |
RU |
| b |
Организация |
Ульяновская ОНБ |
| c |
Дата составления |
20130327 |
| 901 |
Тип документа |
__ |
| t |
Тип документа |
m |
| 909 |
Создатель записи |
__ |
| a |
Создатель записи |
Никитина Т. А. |
| 910 |
Корректоры записи |
__ |
| a |
Корректор записи |
Никитина Т. А. |
| b |
Дата внесения изменения в запись |
20260417 |
| 938 |
Служебная информация |
__ |
| a |
Имя БД |
noti |
| b |
Имя библиотеки |
УОНБ |
| c |
Имя АИБС |
МАРК-SQL |
| d |
Номер DOC_ID в БД |
3539 |